000 00581nam a22001817a 4500
005 20231013110012.0
010 _aENG-137898
020 _c350.00
_a9788189640866
035 _aEN-121428
037 _bBookwell Publications
082 _a363.7
100 _aKhaira,Surjeet Singh
_957804
245 _aGood Earth Keeping;A Practical Guide of Eco-Friendly Tips/
_cby Surjeet Singh Khaira
260 _aNew Delhi
_bBookwell
_c2010
270 _a24/4800, Ansari Road, Daryaganj
_bNew Delhi
_e110002
300 _c22cm(Hb)
_a116p.
942 _2ddc
_cEN
_mKHA
_h363.7
999 _c197699
_d197699